• 首页
  • 本馆介绍
  • 公告通知
  • 最新文献
  • 馆藏检索
  • 电子资源
  • 读者导购
  • 参考咨询
  • 我的图书馆
  • 登录
  • 详细信息显示
  • 放入我的书架
  • 预约/预借图书
  • 作者相关作品
  • 分类相关作品
  • 丛书相关作品
  • 出版社相关作品

书目信息

  • 表格格式
  • 工作单格式
  • 卡片格式
题名:
韩素云
    
 
作者: 陈富贵 著
分册:  
出版信息: 长春   吉林文史出版社  2012
页数: 128页
开本: 22cm
丛书名: 《100位新中国成立以来感动中国人物》丛书
单 册:
中图分类: K828.5=76 , K828.5
科图分类:
主题词: 军属--生平事迹--中国--现代
电子资源:
ISBN: 978-7-5472-1144-1
000 00732oam2 2200253 450
001 2372556374
005 20231117220349.37
010    @a978-7-5472-1144-1@dCNY29.80
100    @a20141211d2012 em y0chiy50 ea
101 0  @achi
102    @aCN@b220000
105    @aa z 000yb
200 1  @a韩素云@Ahan su yun@f陈富贵著
210    @a长春@c吉林文史出版社@d2012
215    @a128页@c照片@d22cm
225 2  @a《100位新中国成立以来感动中国人物》丛书
410  0 @12001 @a《100位新中国成立以来感动中国人物》丛书
606 0  @a军属@x生平事迹@y中国@z现代
610 0  @a韩素云(1961- )
690    @aK828.5=76@v5
690    @aK828.5@v4
701  0 @a陈富贵@Achen fu gui@4著
801  0 @aCN@b91MARC@c20150426
905    @aZUCC@dK828.5@e86
    
    韩素云/陈富贵著.-长春:吉林文史出版社,2012
    128页:照片;22cm.-(《100位新中国成立以来感动中国人物》丛书)
    
    
    ISBN 978-7-5472-1144-1:CNY29.80
    
●
相关链接 在五车中查询图书 在当当中查询图书 在豆瓣中查询图书


正题名:韩素云     索取号:K828.5/86         预约/预借

序号 登录号 条形码 馆藏地/架位号 状态 备注
1 2001008845   2001008845   第四书库/四31架A面4层3列/ [索取号:K828.5/86] 在馆    
2 2001008846   2001008846   第四书库/四31架A面4层3列/ [索取号:K828.5/86] 在馆    
3 2001008847   2001008847   第四书库/四31架A面4层3列/ [索取号:K828.5/86] 在馆    
4 2001008848   2001008848   第四书库/四31架A面4层3列/ [索取号:K828.5/86] 在馆    
5 2001008849   2001008849   第四书库/四31架A面4层3列/ [索取号:K828.5/86] 在馆    
6 2001008850   2001008850   第四书库/四31架A面4层3列/ [索取号:K828.5/86] 在馆    
山东省滨州职业学院图书馆 欢迎您!
大连网信软件有限公司© 版权所有